Statistics for Word Vocabulary - BR

Click here to take the quiz!

General Stats

  • This quiz has been taken 1,057 times
    (1,037 since last reset)
  • The average score is 43 of 83

Answer Stats

word% Correct
bra
100%
bro
99%
bran
92%
brain
85%
brat
84%
break
84%
brad
82%
brow
82%
brag
81%
bread
79%
brig
78%
bring
76%
brail
75%
brick
73%
brake
71%
braid
70%
brand
70%
brim
70%
brace
69%
broke
68%
brave
67%
brie
67%
brit
67%
brown
66%
brew
64%
breast
63%
bride
63%
bray
62%
broom
62%
brought
62%
bright
61%
bris
61%
brass
60%
breed
60%
brine
60%
brill
59%
brawl
58%
brood
55%
brute
55%
brief
53%
broth
53%
brawn
52%
broad
52%
braille
51%
breath
51%
bridge
51%
brook
50%
brush
50%
bred
49%
brash
48%
bream
48%
breeze
48%
brink
46%
braise
44%
branch
43%
brae
42%
braze
42%
brisk
41%
bruise
41%
brunt
40%
bribe
39%
brock
39%
broil
39%
breathe
38%
breach
36%
bren
34%
brant
33%
brusque
29%
bract
28%
breech
27%
bronze
26%
broach
24%
brunch
24%
brooch
23%
brome
19%
browse
19%
brogue
18%
breve
15%
breadth
14%
bruin
14%
bronc
11%
britt
10%
brume
9%

Score Distribution

Percentile by Number Answered

Percent of People with Each Score

Your Score History

You have not taken this quiz since the last reset